Las obligaciones naturales: estudio histórico
Shranjeno v:
| Glavni avtor: | |
|---|---|
| Format: | Knjiga |
| Jezik: | španščina |
| Izdano: |
Córdoba
Universidad Nacional de Cuyo
1970
|
| Teme: | |
| Oznake: |
Označite
Brez oznak, prvi označite!
|
MARC
| LEADER | 00000nam a2200000 a 4500 | ||
|---|---|---|---|
| 001 | UCS1336 | ||
| 003 | CL-VaPUC | ||
| 008 | 970509e19700200AG |||||||||||||||||spa|d | ||
| 082 | 0 | 4 | |a 346.02 |b MOI |2 21 |
| 100 | |a Moisset de Espanés, Luis |e autor |9 548947 | ||
| 245 | 1 | 4 | |a Las obligaciones naturales: estudio histórico |
| 300 | |a 61 p | ||
| 942 | |c BK | ||
| 945 | |d 19970509 00:00:00 |a paguirre | ||
| 260 | |a Córdoba |b Universidad Nacional de Cuyo |c 1970 | ||
| 650 | 0 | |a Derecho civil |9 255013 | |
| 650 | 0 | |a Obligaciones |9 255578 | |
| 650 | 0 | |a Contratos |9 255153 | |
| 650 | 0 | |a Derecho comparado |9 255664 | |
| 650 | 0 | |a Filosofía del derecho |9 255050 | |
| 583 | |a last modification |c 19970509 00:00:00 |k Rodrigo Vera | ||
| 999 | |c 259432 |d 259430 | ||
| 952 | |0 0 |1 0 |2 ddc |4 0 |6 346_020000000000000_MOI_1970 |7 0 |8 A |9 284157 |a BIBDER |b BIBDER |d 2019-11-19 |i 1845306 |o 346.02 MOI 1970 |p 1845306 |r 2023-01-25 |w 2019-11-19 |y MX |k DER | ||